Top 10 joueurs français en NBA par catégorie - Statistiques

Statistiques générales
  • Ce quiz a été pris 79 fois
  • Le résultat moyen est 24 sur 50
Statistiques - réponses
Group Classement Nom du Joueur Nombre de points inscrits % Correct
S 1 Tony Parker 19 473
99%
P 1 Tony Parker 7 036
99%
R 4 Tony Parker 3 396
99%
I 1 Tony Parker 1 053
99%
S 7 Victor Wembanyama 2 762
88%
P 9 Victor Wembanyama 453
88%
R 10 Victor Wembanyama 1 316
88%
C 5 Victor Wembanyama 449
88%
S 2 Nicolas Batum 11 272
83%
P 3 Nicolas Batum 3 551
83%
R 2 Nicolas Batum 5 484
83%
I 2 Nicolas Batum 1 033
83%
C 2 Nicolas Batum 700
83%
S 3 Rudy Gobert 10 492
83%
P 4 Rudy Gobert 1 127
83%
R 1 Rudy Gobert 9 736
83%
I 4 Rudy Gobert 577
83%
C 1 Rudy Gobert 1 723
83%
S 4 Boris Diaw 9 139
70%
P 2 Boris Diaw 3 684
70%
R 3 Boris Diaw 4 634
70%
I 3 Boris Diaw 648
70%
C 4 Boris Diaw 510
70%
S 5 Mickaël Piétrus 4 629
30%
P 10 Mickaël Pietrus 445
30%
R 8 Mickaël Pietrus 1 723
30%
I 5 Mickael Pietrus 371
30%
C 9 Mickael Pietrus 230
30%
P 5 Killian Hayes 1 121
25%
I 7 Killian Hayes 249
25%
S 9 Ronny Turiaf 2 209
23%
P 7 Ronny Turiaf 618
23%
R 7 Ronny Turiaf 1 757
23%
C 3 Ronny Turiaf 593
23%
S 6 Ian Mahinmi 3 209
20%
R 5 Ian Mahinmi 2 705
20%
I 6 Ian Mahinmi 357
20%
C 6 Ian Mahinmi 443
20%
S 8 Kévin Séraphin 2 516
19%
R 9 Kevin Seraphin 1 462
19%
C 7 Kevin Seraphin 304
19%
P 6 Franck Ntilikina 693
16%
I 8 Franck Ntilikina 210
16%
P 8 Theo Maledon 518
16%
C 10 Alexis Ajinca 181
13%
S 10 Johan Petro 2 202
6%
R 6 Johan Petro 1 836
6%
I 9 Johan Petro 193
6%
C 8 Johan Petro 234
6%
I 10 Tariq Abdul-Wahad 184
6%
Aucun quiz correspondant
Distribution des résultats
% des personnes avec chaque résultat
Percentile par nombre de réponses
Votre historique - résultats
Vous n’avez pas pris ce quiz